000 00429cam a2200169ua 4500
001 1989
008 160921n1975 II |||gr||||Z||||||eng
040 _aMAIN
041 _aEnglish
100 _aJONES,EDMUND D.
245 _aENGLISH CRITICAL ESSAYS (NINETEENTH) CENTURIES
250 _a1ST.
260 _aNEW DELHI
_bOXFORD UNIVERSITY PRESS
_c1975
300 _a521:
_c18CM.
700 _aJONES,EDMUND D.,
_eAUTHOR.,
942 _cBK
999 _c1984
_d1984